| 000 | 00843nac a22002777a 4500 | ||
|---|---|---|---|
| 001 | BR5800133 | ||
| 003 | BR-BrBNA | ||
| 005 | 20240105112933.0 | ||
| 008 | 230509b bl.|||m| |||| 00| 0 por d | ||
| 040 |
_aBR-BrBNA _bpor _cBiblioteca Nacional de Agricultura |
||
| 072 | _aF00 | ||
| 090 | _a1610 BR5800133 | ||
| 100 | 1 | _aCamargo, L. de S. | |
| 110 | 1 | _aInstituto Agronomico, Campinas, SP (Brasil) | |
| 245 | 1 | _aInstrucoes para a cultura do aspargo [Aspargus officinalis; Brasil] | |
| 260 | 3 |
_aCampinas, SP (Brasil): _c1958. |
|
| 300 | _a20 p. | ||
| 490 |
_aBoletim - Instituto Agronomico (Brazil) _vno. 107 _xISSN 0375-1538 |
||
| 500 | _a11 ref.; 6 illus. | ||
| 650 | _aASPARGO | ||
| 650 | _aPLANTIO | ||
| 650 | _aSEMEADURA | ||
| 650 | _aESPACAMENTO | ||
| 909 |
_a202312 _bLúcia Elande _c55 _dLúcia Elande |
||
| 942 |
_2AGRIS _n0 _cMS |
||
| 999 |
_c261019 _d261019 |
||